| 000 | 01804nam0a2200421 4500 | ||
|---|---|---|---|
| 001 | RU\NLR\BIBL_A\010700982 | ||
| 005 | 201503260507 | ||
| 010 |
_a978-5-465-01678-0 _bВ пер. _98000 |
||
| 021 |
_aRU _b2015-3722 _9226 |
||
| 035 | _a(NLR Aleph) 010700982 | ||
| 035 | _a(NILC)RuMoRGB-007854887 | ||
| 090 |
_a9722513 _c9722513 |
||
| 100 | _a20150317d2015 cd y0rusy50 ca | ||
| 101 | 1 |
_arus _ceng |
|
| 102 | _aRU | ||
| 105 | _aa z 000ay | ||
| 200 | 1 |
_aПутешествия Гулливера _e[для детей младшего и среднего школьного возраста] _fДжонатан Свифт _g[пересказ с англ. - Т.Г. Габбе] _gхудож. И. Бодрова |
|
| 210 |
_aМосква _cОмега _d2015 |
||
| 215 |
_a[2], 141с., [3] л. цв. ил. _cцв. ил. _d21 |
||
| 225 | 1 | _aШкольная библиотека | |
| 300 | _aТексты произведений печатаются без сокращений | ||
| 327 | 1 | _aСодерж.: Путешествие в Лилипутию; Путешествие в Бробдингнег | |
| 333 | _a8+ | ||
| 675 | _a821.111-93 | ||
| 686 | 0 | _aШ9(4Вл)60-4 | |
| 686 | 0 | _aШ9(4Вл)62-4 | |
| 700 | 1 |
_aСвифт _bД. _f1667-1745 _gДжонатан _3RU\NLR\AUTH\7729703 |
|
| 702 | 1 |
_aГаббе _bТ. Г. _f1903-1960 _gТамара Григорьевна _3RU\NLR\AUTH\7711525 _4010 |
|
| 702 | 1 |
_aБодрова _bИ. В. _cхудожник _gИнна В. _3RU\NLR\AUTH\7752391 _4040 |
|
| 801 | 0 |
_aRU _bRuMoRKP _c20080616 _gRCR |
|
| 801 | 1 |
_aRU _bRuMoRKP _c20080616 _2rusmarc |
|
| 801 | 2 |
_aRU _bРГБ _c20150128 _grcr |
|
| 942 | _cBOOK | ||
| 980 | _aNB | ||